Hollow Knight Areas and Sub-Areas - Statistics

General Stats
  • This quiz has been taken 241 times
  • The average score is 29 of 45
Answer Stats
Area % Correct
Forgotten Crossroads
97%
Dirtmouth
95%
Greenpath
95%
Deepnest
92%
Crystal Peak
90%
City of Tears
89%
Fungal Wastes
89%
Kingdom's Edge
88%
King's Pass
88%
Ancient Basin
86%
Howling Cliffs
86%
Royal Waterways
83%
Fog Canyon
82%
Abyss
80%
Resting Grounds
79%
Mantis Village
78%
Queen's Gardens
78%
Hive
76%
Soul Sanctum
73%
White Palace
73%
Distant Village
68%
Godhome
66%
Lake of Unn
65%
Ancestral Mound
64%
Teacher's Archives
63%
Watcher's Spire
63%
Queen's Station
59%
Tower of Love
59%
Crystallised Mound
57%
Overgrown Mound
57%
Isma's Grove
56%
Hallownest's Crown
55%
King's Station
52%
Blue Lake
51%
Path of Pain
48%
Spirit's Glade
46%
Stag Nest
45%
Pleasure House
42%
Colloseum of Fools
41%
Junk Pit
41%
Stone Sanctuary
41%
Cast-Off Shell
40%
Palace Grounds
35%
Joni's Reponse
3%
Failed Tramaway
2%
No matching quizzes found
Score Distribution
Percent of People with Each Score
Percentile by Number Answered
Your Score History
You have not taken this quiz